[Event "SG Turm Raesfeld/Erle 1 - SC Gronau 1"]
[Site "Regionalliga Münsterland 2018"]
[Date "2019.01.12"]
[Round "5.2"]
[White "Greifenberg, Daniel"]
[Black "Monsma, Menno"]
[Result "1/2-1/2"]
[WhiteElo "2051"]
[BlackElo "2096"]
[PlyCount "154"]
[EventDate "2019.??.??"]
[SourceDate "2018.09.09"]

1. d4 Nf6 2. c4 e6 3. Nf3 d5 4. Bg5 c6 5. Nbd2 Be7 6. e3 Nbd7 7. Bd3 O-O 8. O-O
b6 9. Qa4 Bb7 10. Rfc1 Re8 11. h3 Bd6 12. cxd5 exd5 13. b4 Qb8 14. Bh4 h6 15.
Nf1 Ne4 16. Bxe4 dxe4 17. N3d2 a5 18. bxa5 Rxa5 19. Qc2 g5 20. Bg3 Bxg3 21.
Nxg3 f5 22. Qb3+ Kg7 23. Nc4 Rb5 24. Qa3 Re6 25. Rab1 Kg6 26. h4 f4 27. Ne2
Rxb1 28. Rxb1 b5 29. Nd2 Nf6 30. exf4 gxf4 31. Qh3 Qd6 32. h5+ Kh7 33. Qf5+ Kh8
34. Nxf4 Re8 35. Ng6+ Kg7 36. Ne5 Re7 37. Nxe4 Nxe4 38. Qxe4 c5 39. Qg4+ Kh7
40. Qf5+ Kg8 41. Ng6 Rf7 42. Qxc5 Qf6 43. f3 Kh7 44. Rxb5 Bxf3 45. Qe5 Bxh5 46.
Qxf6 Rxf6 47. Rxh5 Kxg6 48. Ra5 Rd6 49. d5 Kf5 50. Kf2 Ke4 51. Kg3 Rg6+ 52. Kh3
h5 53. Ra4+ Ke5 54. g3 Rf6 55. Kh4 Rf3 56. Ra5 Kd6 57. a3 Rb3 58. a4 Ra3 59.
Ra8 Kxd5 60. a5 Ke6 61. a6 Kf7 62. a7 Kg7 63. Kxh5 Ra5+ 64. Kg4 Ra4+ 65. Kf5
Ra5+ 66. Ke4 Ra4+ 67. Kd5 Ra5+ 68. Kc6 Ra1 69. Kd5 Ra2 70. Ke5 Ra1 71. g4 Ra5+
72. Kd6 Ra1 73. g5 Ra2 74. Re8 Rxa7 75. Re7+ Rxe7 76. Kxe7 Kg6 77. Ke6 Kxg5
1/2-1/2

[Event "SG Turm Raesfeld/Erle 1 - SC Gronau 1"]
[Site "Regionalliga Münsterland 2018"]
[Date "2019.01.12"]
[Round "5.4"]
[White "Borutta, Niklas"]
[Black "Luetkehermoelle, Martin"]
[Result "1-0"]
[WhiteElo "2036"]
[BlackElo "1968"]
[PlyCount "65"]
[EventDate "2019.??.??"]
[SourceDate "2018.09.09"]

1. d4 Nf6 2. Nf3 e6 3. c4 b6 4. g3 Bb7 5. Bg2 Be7 6. O-O O-O 7. Nc3 Ne4 8. Bd2
f5 9. d5 Na6 10. a3 Nac5 11. b4 Nxc3 12. Bxc3 Ne4 13. Bb2 a5 14. Qb3 Bf6 15.
Rfd1 Bxb2 16. Qxb2 Qe7 17. Qe5 d6 18. Qxe6+ Qxe6 19. dxe6 Nc3 20. Re1 Rfe8 21.
Nd4 Bxg2 22. Kxg2 g6 23. Nc6 Rxe6 24. bxa5 bxa5 25. Rac1 Na4 26. Rb1 Nc5 27. e3
Re4 28. Rec1 Ree8 29. Rb5 a4 30. Rcb1 Ra6 31. Nb4 Raa8 32. Nd5 Rec8 33. Ne7+
1-0

[Event "SG Turm Raesfeld/Erle 1 - SC Gronau 1"]
[Site "Regionalliga Münsterland 2018"]
[Date "2019.01.12"]
[Round "5.5"]
[White "Storck, Martin"]
[Black "Bergemann, Martin"]
[Result "1-0"]
[WhiteElo "1957"]
[BlackElo "1926"]
[PlyCount "121"]
[EventDate "2019.??.??"]
[SourceDate "2018.09.09"]

1. c4 g6 2. Nc3 Bg7 3. d4 c5 4. d5 Nf6 5. e4 d6 6. Bd3 O-O 7. Nge2 a6 8. a4 e6
9. O-O exd5 10. cxd5 Re8 11. h3 c4 12. Bc2 Nbd7 13. Be3 Rb8 14. Ba7 Ra8 15. Bd4
Rb8 16. a5 Qc7 17. f4 Nc5 18. e5 Nfd7 19. exd6 Qxd6 20. Bxg7 Kxg7 21. Qd4+ Qf6
22. Qxc4 b5 23. axb6 Qxb6 24. Qd4+ Qf6 25. Rab1 Nb3 26. Bxb3 Rxb3 27. f5 Qxd4+
28. Nxd4 Rb6 29. fxg6 hxg6 30. Rf2 Ne5 31. Re1 Bd7 32. Ne6+ fxe6 33. Rxe5 exd5
34. Rxe8 Bxe8 35. Nxd5 Rd6 36. Nf4 Bb5 37. h4 Kh6 38. Kh2 g5 39. hxg5+ Kxg5 40.
Nh3+ Kg6 41. Nf4+ Kg5 42. Kg3 Bc6 43. Rc2 Be4 44. Rc5+ Kf6 45. Rh5 Rd2 46. Rh6+
Kg7 47. Re6 Bxg2 48. Nxg2 Rxb2 49. Rxa6 Rb3+ 50. Kg4 Kf7 51. Nf4 Rb5 52. Re6
Rb4 53. Re5 Kf6 54. Ra5 Rb1 55. Rf5+ Ke7 56. Re5+ Kf6 57. Re6+ Kf7 58. Rd6 Ke7
59. Ra6 Rb5 60. Kf3 Re5 61. Ng6+ 1-0

[Event "SG Turm Raesfeld/Erle 1 - SC Gronau 1"]
[Site "Regionalliga Münsterland 2018"]
[Date "2019.01.12"]
[Round "5.6"]
[White "Broemmel, Rudolf"]
[Black "Hoge, Torsten"]
[Result "1/2-1/2"]
[WhiteElo "1906"]
[BlackElo "1922"]
[PlyCount "82"]
[EventDate "2019.??.??"]
[SourceDate "2018.09.09"]

1. g3 Nf6 2. Bg2 e6 3. e4 d5 4. exd5 exd5 5. d4 Be7 6. Nc3 O-O 7. Nge2 c6 8. h3
Re8 9. Be3 Nbd7 10. Qd3 Nb6 11. b3 Bd7 12. g4 Qc8 13. Kf1 a5 14. Ng3 Bd6 15.
Nce2 c5 16. dxc5 Bxc5 17. Bd4 Re6 18. Bxc5 Qxc5 19. Nd4 Re5 20. Kg1 Rae8 21.
Rd1 Ne4 22. Nxe4 dxe4 23. Qg3 Nd5 24. c4 Nb4 25. Kh2 Nd3 26. Nc2 Bc6 27. Qe3
Qxe3 28. fxe3 Nf2 29. Rhf1 Nxd1 30. Rxd1 h5 31. Nd4 hxg4 32. hxg4 g6 33. Kg3
Kg7 34. Kf4 g5+ 35. Kg3 Bd7 36. Ne2 R8e7 37. Nc3 Bc6 38. Ne2 Rc7 39. Nd4 Bd7
40. a4 Rc8 41. Ne2 Bc6 1/2-1/2

[Event "SG Turm Raesfeld/Erle 1 - SC Gronau 1"]
[Site "Regionalliga Münsterland 2018"]
[Date "2019.01.12"]
[Round "5.8"]
[White "Hoffmann, Fabian"]
[Black "Rothkegel, Juergen"]
[Result "1-0"]
[WhiteElo "1945"]
[BlackElo "1835"]
[PlyCount "69"]
[EventDate "2019.??.??"]
[SourceDate "2018.09.09"]

1. e4 c5 2. Nf3 d6 3. d4 cxd4 4. Nxd4 Nf6 5. Nc3 a6 6. a4 e6 7. Be2 Be7 8. O-O
Bd7 9. f4 Nc6 10. Be3 Qc7 11. Nxc6 Bxc6 12. Bd3 e5 13. fxe5 dxe5 14. Qf3 O-O-O
15. a5 Qd7 16. h3 Bb4 17. Ne2 Qe7 18. Kh1 Bc5 19. Bg5 Rd6 20. Ng3 Qc7 21. Nf5
Rd7 22. Nxg7 Ne8 23. Nxe8 Rxe8 24. c3 Kb8 25. Bc4 Rg8 26. Be3 Bxe3 27. Qxe3 Rg6
28. Rad1 Rxd1 29. Rxd1 Qxa5 30. Bxf7 Rg7 31. Bd5 Qc7 32. Bxc6 Qxc6 33. Rd8+ Kc7
34. Rd5 Re7 35. Rc5 1-0

[Event "SK Bocholt 1 - SK Münster 2"]
[Site "Regionalliga Münsterland 2018"]
[Date "2019.01.12"]
[Round "5.1"]
[White "Wieder, Heiner"]
[Black "Fuest, Martin"]
[Result "1/2-1/2"]
[WhiteElo "2089"]
[BlackElo "2122"]
[PlyCount "24"]
[EventDate "2019.??.??"]
[SourceDate "2018.09.09"]

1. e4 c6 2. d4 d5 3. e5 c5 4. dxc5 Nc6 5. Bb5 e6 6. Be3 Nge7 7. c3 Bd7 8. Bxc6
Bxc6 9. Bd4 Nf5 10. Nf3 Nxd4 11. Qxd4 b6 12. cxb6 axb6 1/2-1/2

[Event "SK Bocholt 1 - SK Münster 2"]
[Site "Regionalliga Münsterland 2018"]
[Date "2019.01.12"]
[Round "5.2"]
[White "Liesmann, Karsten"]
[Black "Korth, Daniel"]
[Result "1-0"]
[WhiteElo "1998"]
[BlackElo "2135"]
[PlyCount "61"]
[EventDate "2019.??.??"]
[SourceDate "2018.09.09"]

1. d4 d5 2. Nf3 Nf6 3. e3 c6 4. c4 Bg4 5. h3 Bxf3 6. gxf3 e6 7. Nc3 Bb4 8. Bd2
Nbd7 9. a3 Ba5 10. b4 Bc7 11. f4 O-O 12. c5 b6 13. Bd3 a5 14. Rc1 axb4 15. axb4
bxc5 16. bxc5 Ba5 17. Qf3 Qc7 18. Rg1 Kh8 19. Qg3 Rg8 20. Qh4 Bxc3 21. Bxc3 Ra3
22. Ke2 Qd8 23. Qg3 Ne4 24. Bxe4 dxe4 25. d5 e5 26. fxe5 Nxc5 27. e6 Nxe6 28.
dxe6 Qd3+ 29. Ke1 Rxc3 30. Rd1 Qc4 31. Qxg7+ 1-0

[Event "SK Bocholt 1 - SK Münster 2"]
[Site "Regionalliga Münsterland 2018"]
[Date "2019.01.12"]
[Round "5.3"]
[White "Baumann, Stephan"]
[Black "Hunhoff, Sebastian"]
[Result "1-0"]
[WhiteElo "2034"]
[BlackElo "1936"]
[PlyCount "65"]
[EventDate "2019.??.??"]
[SourceDate "2018.09.09"]

1. e4 e6 2. b3 d5 3. Bb2 Nf6 4. e5 Nfd7 5. Qg4 c5 6. f4 g6 7. Nf3 Nc6 8. Be2 a6
9. Nc3 b5 10. O-O Nb6 11. a4 b4 12. Nd1 Bb7 13. Nf2 Ne7 14. Qh3 h5 15. d4 c4
16. Ng5 c3 17. Bc1 Bg7 18. a5 Nd7 19. Nd3 Nc6 20. Be3 Qe7 21. Bf3 Nf8 22. f5
gxf5 23. Bxh5 Ng6 24. Nc5 O-O-O 25. Qf3 f4 26. Bxg6 Qxg5 27. Qxf4 Qxf4 28. Rxf4
fxg6 29. Rf7 Bh6 30. Bxh6 Rxh6 31. Rxb7 Nxd4 32. Rf1 Rdh8 33. Rff7 1-0

[Event "SK Bocholt 1 - SK Münster 2"]
[Site "Regionalliga Münsterland 2018"]
[Date "2019.01.12"]
[Round "5.4"]
[White "Naumann, Felix"]
[Black "Mueschenich, Stefan"]
[Result "0-1"]
[WhiteElo "1860"]
[BlackElo "2077"]
[PlyCount "127"]
[EventDate "2019.??.??"]
[SourceDate "2018.09.09"]

1. d4 c5 2. Nf3 cxd4 3. Nxd4 Nc6 4. e4 Nf6 5. Nc3 d6 6. Bc4 Bd7 7. Bg5 e6 8.
O-O a6 9. Kh1 Qb6 10. Nb3 Be7 11. Qd2 Qc7 12. f4 O-O 13. f5 Ne5 14. Bd3 Rad8
15. Nd4 Bc8 16. Nf3 Nc4 17. Bxc4 Qxc4 18. Qd4 Qc7 19. Qd3 b5 20. a3 h6 21. Bh4
Ng4 22. Bxe7 Qxe7 23. h3 Ne5 24. Nxe5 dxe5 25. Qg3 f6 26. fxe6 Bxe6 27. Rad1
Qf7 28. Qe3 Bc4 29. Rf2 Rxd1+ 30. Nxd1 Rd8 31. Nc3 Qd7 32. Qb6 Qd4 33. Nd5 Qxb6
34. Nxb6 Be6 35. a4 Rd4 36. axb5 axb5 37. Re2 Rd6 38. Na8 Rc6 39. Rd2 Kf7 40.
c3 Ke7 41. Rd1 Rc4 42. Re1 g6 43. Kg1 b4 44. Nb6 Rc6 45. Nd5+ Bxd5 46. exd5 Rc5
47. cxb4 Rxd5 48. Rc1 Kd6 49. b3 Rd3 50. b5 Rxb3 51. Rc6+ Ke7 52. b6 g5 53. Kf2
h5 54. g3 h4 55. gxh4 gxh4 56. Rc7+ Kd6 57. Rf7 Ke6 58. Rh7 Rxh3 59. Rh8 Rb3
60. Rb8 Kf5 61. b7 h3 62. Rh8 Rxb7 63. Rxh3 Ke6 64. Ra3 0-1

[Event "SK Bocholt 1 - SK Münster 2"]
[Site "Regionalliga Münsterland 2018"]
[Date "2019.01.12"]
[Round "5.5"]
[White "Seegers, Hendrik"]
[Black "Steiner, Karl"]
[Result "1-0"]
[WhiteElo "2062"]
[BlackElo "1916"]
[PlyCount "113"]
[EventDate "2019.??.??"]
[SourceDate "2018.09.09"]

1. d4 d6 2. c4 e5 3. dxe5 dxe5 4. Qxd8+ Kxd8 5. Nc3 Be6 6. b3 c6 7. Bb2 Nd7 8.
g3 Bb4 9. e3 Ne7 10. Bh3 Bxh3 11. Nxh3 f6 12. O-O-O Kc7 13. Ne4 Ng6 14. f4 exf4
15. exf4 Rhe8 16. Nhf2 Rad8 17. a3 Bf8 18. Rhe1 Nc5 19. Rxd8 Rxd8 20. Kc2 Re8
21. Re2 Nxe4 22. Rxe4 Rxe4 23. Nxe4 Be7 24. f5 Nf8 25. g4 Bd6 26. h3 Nd7 27. g5
Be7 28. b4 a6 29. c5 Kd8 30. Kd3 Ke8 31. Ke3 Kf7 32. h4 a5 33. Bd4 axb4 34.
axb4 fxg5 35. hxg5 h6 36. g6+ Kf8 37. Kf4 Kg8 38. Ke3 Bf6 39. Nd6 Bg5+ 40. Kd3
h5 41. Nxb7 h4 42. Ke2 h3 43. Kf3 h2 44. Kg2 Bd2 45. b5 Nxc5 46. bxc6 Na6 47.
Be5 Bb4 48. Kxh2 Kf8 49. Kg3 Be7 50. Kf3 Ba3 51. Ke4 Be7 52. c7 Nxc7 53. Bxc7
Bf6 54. Nc5 Be7 55. Ne6+ Kg8 56. Be5 Bf8 57. Bxg7 1-0

[Event "SK Bocholt 1 - SK Münster 2"]
[Site "Regionalliga Münsterland 2018"]
[Date "2019.01.12"]
[Round "5.6"]
[White "Hunhoff, Andreas"]
[Black "Wingenfeld, Klaus"]
[Result "0-1"]
[WhiteElo "1793"]
[BlackElo "1895"]
[PlyCount "84"]
[EventDate "2019.??.??"]
[SourceDate "2018.09.09"]

1. f4 d5 2. Nf3 Nf6 3. e3 g6 4. Be2 Bg7 5. O-O O-O 6. d4 b6 7. Bd2 Ba6 8. Ne5
Bxe2 9. Qxe2 c5 10. c3 Qd6 11. Be1 Nbd7 12. Nd2 Ne4 13. Nxe4 dxe4 14. Rd1 Nf6
15. Bh4 Rfd8 16. Qc2 Qc7 17. Bg3 cxd4 18. Rxd4 Rxd4 19. exd4 Qb7 20. f5 Rf8 21.
Qb3 gxf5 22. Rxf5 e6 23. Rf1 Nh5 24. c4 Nxg3 25. Qxg3 Qc7 26. Qg4 f5 27. Qg5
Qd8 28. Qxd8 Rxd8 29. Nc6 Bxd4+ 30. Kh1 Rd6 31. Rd1 Rxc6 32. Rxd4 Rc7 33. Kg1
Kf7 34. b3 Ke7 35. Rd2 Rd7 36. Rc2 Kf6 37. Kf2 f4 38. b4 Kf5 39. c5 bxc5 40.
bxc5 e5 41. c6 Rc7 42. g3 Ke6 0-1

[Event "SK Bocholt 1 - SK Münster 2"]
[Site "Regionalliga Münsterland 2018"]
[Date "2019.01.12"]
[Round "5.7"]
[White "Meyer, Ulrich"]
[Black "Burike, Christian"]
[Result "0-1"]
[WhiteElo "1952"]
[BlackElo "1677"]
[PlyCount "63"]
[EventDate "2019.??.??"]
[SourceDate "2018.09.09"]

1. e4 e6 2. d3 d5 3. Nd2 Bc5 4. Ngf3 Ne7 5. g3 O-O 6. Bg2 Bd7 7. O-O Bc6 8. c3
b5 9. b4 Bb6 10. Bb2 a5 11. a3 Nd7 12. Qc2 f6 13. Nb3 e5 14. exd5 Bxd5 15. c4
bxc4 16. dxc4 Bf7 17. c5 Ba7 18. Nxa5 c6 19. Rad1 Qc7 20. Nh4 Nxc5 21. Nxc6 Bb3
22. Nxe7+ Qxe7 23. Qf5 Bxd1 24. Bd5+ Kh8 25. Ng6+ hxg6 26. Qh3+ Bh5 27. g4 Qd7
28. Bf3 Rab8 29. Qg3 Ne4 30. Rd1 Qxd1+ 31. Bxd1 Nxg3 32. hxg3 0-1

[Event "SK Bocholt 1 - SK Münster 2"]
[Site "Regionalliga Münsterland 2018"]
[Date "2019.01.12"]
[Round "5.8"]
[White "Boeing, Frank"]
[Black "Emunds, Hans Georg"]
[Result "0-1"]
[WhiteElo "1822"]
[BlackElo "2064"]
[PlyCount "138"]
[EventDate "2019.??.??"]
[SourceDate "2018.09.09"]

1. d4 Nf6 2. Nf3 b6 3. Bg5 Ne4 4. Bh4 g6 5. Nbd2 Bb7 6. c3 Bg7 7. e3 O-O 8. Qb3
Nxd2 9. Nxd2 d6 10. Nf3 Nd7 11. Be2 Nf6 12. O-O Qd7 13. Nd2 e6 14. Rad1 Ne4 15.
Qb5 Bc6 16. Qd3 Nxd2 17. Rxd2 f5 18. f4 Be4 19. Qb5 c6 20. Qb3 b5 21. Qd1 a5
22. Bf3 Bd5 23. b3 a4 24. b4 Qf7 25. a3 Ra7 26. Re1 Kh8 27. Bf2 Bh6 28. g3 g5
29. Kh1 g4 30. Bg2 Bxg2+ 31. Kxg2 d5 32. Qe2 Rg8 33. Kh1 Bf8 34. Rc1 h5 35. Rf1
Qe8 36. Be1 Rh7 37. Rf2 Rg6 38. Qf1 Be7 39. Qg1 Bd8 40. Rc2 Kg7 41. Rfe2 Kf8
42. Rg2 Rgh6 43. Bf2 Kf7 44. Be1 Qh8 45. Rce2 h4 46. Rc2 hxg3 47. Bxg3 Rh3 48.
Rce2 Bh4 49. Bxh4 R7xh4 50. Rg3 Rxg3 51. Qxg3 Rh3 52. Qg1 Qh5 53. Rg2 g3 54.
Rxg3 Rxg3 55. Qxg3 Qd1+ 56. Kg2 Qc2+ 57. Kh3 Qxc3 58. Kh4 Qxa3 59. Kh5 Qxb4 60.
Qg6+ Ke7 61. Qg7+ Kd8 62. Qb7 Qd6 63. Qa8+ Kd7 64. h4 Qe7 65. Qb7+ Ke8 66.
Qxc6+ Kf8 67. Qc5 Qxc5 68. dxc5 a3 69. c6 Ke7 0-1